000 00382nam a2200145Ia 4500
008 191201s2008 xx 000 0 und d
082 _a005.8
_bSTC
100 _aSTALLINGS, William
245 0 _aCryptography and Network Security Principal and Practice
250 _a4th
260 _aN.Delhi
_bPearson Education
_c2008
300 _a680
650 _aB.Tech(CSE)
942 _2ddc
_cBK
999 _c3179
_d3179